| 000 | 01252nam a2200325 i 4500 | ||
|---|---|---|---|
| 001 | 13447 | ||
| 003 | KOSZ 005 | ||
| 005 | 20200630132828.0 | ||
| 008 | 080804s1962 pl a f f 000 0 pol | ||
| 015 | _aPB 1962/5696 | ||
| 040 |
_aWA N _cWA N _dKOSZ 005/RW |
||
| 080 | _a538.621.3 | ||
| 100 | 1 |
_aKurdziel, Roman _d(1904-1978) _eAutor |
|
| 245 | 1 | 0 |
_aObwody magnetyczne / _cRoman Kurdziel ; Polska Akademia Nauk. Komitet Elektrotechniki. |
| 260 |
_aWarszawa : _bPaństwowe Wydawnictwo Naukowe, _c1962. |
||
| 300 |
_a114, [1] stron : _bilustracje ; _c24 cm. |
||
| 336 |
_aTekst _btxt _2rdacontent |
||
| 337 |
_aBez urządzenia pośredniczącego _bn _2rdamedia |
||
| 338 |
_aWolumin _bnc _2rdacarrier |
||
| 380 | _aKsiążki. | ||
| 490 | 1 |
_aWzmacniacze Magnetyczne i Ich Zastosowanie w Technice ; _vz. 2. |
|
| 504 | _aBibliografia na stronie [115]. | ||
| 658 | _aInżynieria i technika | ||
| 650 | 4 | _aElektromagnetyzm | |
| 650 | 4 | _aUrządzenia elektryczne | |
| 710 | 2 |
_aPaństwowe Wydawnictwo Naukowe _4pbl. |
|
| 830 | 0 |
_aWzmacniacze Magnetyczne i Ich Zastosowanie w Technice ; _vz. 2. |
|
| 856 |
_uhttp://koha.tu.koszalin.pl/cgi-bin/koha/opac-detail.pl?biblionumber=13447 _yKatalog online BPK |
||
| 942 |
_2UKD _cKS |
||
| 999 |
_c13447 _d13447 |
||